书目信息 |
| 题名: |
古典吉他实用教程
|
|
| 作者: | 曾臻 编 | |
| 分册: | ||
| 出版信息: | 重庆 西南师范大学出版社 1999 |
|
| 页数: | 223页 | |
| 开本: | 26cm | |
| 丛书名: | 音乐教育丛书 | |
| 单 册: | ||
| 中图分类: | J623.2 | |
| 科图分类: | ||
| 主题词: | 六弦琴--奏法 | |
| 电子资源: | ||
| ISBN: | 7-5621-2167-2 | |
| 000 | 00612nam2 2200217 45 | |
| 001 | 0405291462 | |
| 005 | 20040529145944.8 | |
| 010 | @a7-5621-2167-2@dCNY18.00 | |
| 100 | @a20040529d1999 km y0chiy0120 ea | |
| 101 | 0 | @achi |
| 105 | @ag z 000yy | |
| 200 | 1 | @a古典吉他实用教程@AGu Dian Ji Ta Shi Yong Jiao Cheng@f曾臻编@FCeng Zhen Bian |
| 210 | @a重庆@c西南师范大学出版社@d1999 | |
| 215 | @a223页@d26cm | |
| 225 | @a音乐教育丛书 | |
| 410 | @12001 @a音乐教育丛书 | |
| 606 | 0 | @a六弦琴@x奏法 |
| 690 | @aJ623.2@v4 | |
| 701 | 0 | @a曾臻@4编 |
| 801 | @aCN@bTSTCL@c20040529 | |
| 905 | @b334656-660@dJ623.2@e128@f5 | |
| 古典吉他实用教程/曾臻编.-重庆:西南师范大学出版社,1999 |
| 223页;26cm.-(音乐教育丛书) |
| ISBN 7-5621-2167-2:CNY18.00 |
| ● |
| 相关链接 |
|
|
|
|
正题名:古典吉他实用教程
索取号:J623.2/128
 
预约/预借
| 序号 | 登录号 | 条形码 | 馆藏地/架位号 | 状态 | 备注 |
| 1 | 0334656 | 203346566 | 第一借阅区/ [索取号:J623.2/128] | 在馆 | |
| 2 | 0334657 | 203346575 | 第一借阅区/ [索取号:J623.2/128] | 在馆 | |
| 3 | 0334658 | 203346584 | 第一借阅区/ [索取号:J623.2/128] | 在馆 | |
| 4 | 0334659 | 203346593 | 第一借阅区/ [索取号:J623.2/128] | 在馆 | |
| 5 | 0334660 | 203346600 | 第一样本阅览室/ [索取号:J623.2/128] | 在馆 |